Search the Library Catalogue
| 000 -LEADER | |
|---|---|
| fixed length control field | 00635nam a2200205Ia 4500 |
| 008 - FIXED-LENGTH DATA ELEMENTS--GENERAL INFORMATION | |
| fixed length control field | 191130s2005##################000#0#eng## |
| 020 ## - INTERNATIONAL STANDARD BOOK NUMBER | |
| ISBN | 085199587X |
| 082 ## - DEWEY DECIMAL CLASSIFICATION NUMBER | |
| Classification number | 592.48 JON.2 |
| 245 ## - TITLE STATEMENT | |
| Title | Keys to the Trematoda |
| Statement of responsibility, etc | edited by Arlene Jones, Rodney A. Bray and David I. Gibson |
| 260 ## - PUBLICATION, DISTRIBUTION, ETC. (IMPRINT) | |
| Place of publication | Wallingford |
| Name of publisher | CABI Pub. and The Natural History Museum |
| Year of publication | 2005 |
| 300 ## - PHYSICAL DESCRIPTION | |
| Number of Pages | 3 v. : ill. ; 26 cm |
| 650 ## - SUBJECT ADDED ENTRY--TOPICAL TERM | |
| Topical Term | Trematoda -- Identification |
| 700 ## - ADDED ENTRY--PERSONAL NAME | |
| Personal name | Bray, Rodney A |
| Personal name | Gibson, David Ian |
| Personal name | Jones, Arlene |
| 991 ## - | |
| -- | 200604 |
| Withdrawn status | Lost status | Damaged status | Not for loan | Home library | Current library | Shelving location | Date acquired | Full call number | Accession Number | Price effective from | Koha item type |
|---|---|---|---|---|---|---|---|---|---|---|---|
| Anna Centenary Library | Anna Centenary Library | 5TH FLOOR, B WING | 13.10.2020 | 592.48 JON.2 | 491508 | 13.10.2020 | English Books |